MDQL
is popping MORE tags! Check the
thread
!
Quizzes
Events
Quiz Creation
Community
Videos
Private Events
Remove Ads
Sign In
Join for FREE
Feedback
Dark Mode
Quiz Categories
Sports
Geography
Music
Movies
Television
Just For Fun
Miscellaneous
History
Literature
Language
Science
Gaming
Entertainment
Religion
Holiday
For Kids
Quiz Lab
Recent
Popular Today
Quiz Kudos Today
Editor Picks
Curator Picks
Quizzes by...
Day
Popularity
Type
Ratings
Length
Year
Community
Subscriptions
Recent Discussions
Orange Saloon
Badges
Playlists
Quests
Create
Leaderboards
Showdown
Live 5
Trivia Bingo
Activity
Puzzle Library
Sporcle Events
Private Events
Virtual Trivia
Globe League
Become a Host
Pub Owners
SporcleCon
Opinionation
Our Games
Videos
Blog
Mobile Apps
Partnerships
Remove Ads and Go Orange
Feedback
Sports
Athletes
MLB
NBA
NHL
NFL
Soccer
Sports Teams
WWE
NCAA
Football
Premier League
Basketball
Baseball
Hockey
Golf
Tennis
Cricket
Rugby
Auto Racing
Olympics
World Cup
Sports
Athletes
MLB
NBA
NHL
NFL
Soccer
Sports Teams
WWE
NCAA
Football
Premier League
Basketball
Baseball
Hockey
Golf
Tennis
Cricket
Rugby
Auto Racing
Olympics
World Cup
Random Quiz
Search Sporcle
×
Quiz Lab
Quiz Lab
Sports
United
Type in answers that appear in a list
Type in answers that appear in a list
Classic
Best Score? Go Orange.
Ryan Gigg's Teammates Stats
Can you name the 139 players who have appeared in the same match as Ryan Giggs?
By
husker_fan_97
16m
139 Questions
349 Plays
349 Plays
349 Plays
Comments
Comments
Give Quiz Kudos
Give Quiz Kudos
-
- Ratings
hide this ad
More Info
Replay
Link that replays current quiz
Next Quiz
Link to next quiz in quiz playlist
You Got
0%
They Got
Avg Score
58%
Avg Friend Score
Upgrade to see
Score Distribution
Jump to the score distribution portion of the page
Score
0/139
Timer
16:00
0
Plays Today
Player
% Correct
David Beckham
94.7%
Gary Neville
94.4%
Phil Neville
94.4%
Paul Scholes
93.4%
Andy Cole
92.7%
Larnell Cole
92.7%
Wayne Rooney
92.1%
Nicky Butt
91.7%
Cristiano Ronaldo
91.4%
Roy Keane
90.7%
Peter Schmeichel
90.7%
Dwight Yorke
90.4%
Edwin van der Sar
89.1%
Anderson
88.7%
John O'Shea
88.7%
Teddy Sheringham
88.7%
Rio Ferdinand
88.1%
Ole Gunnar Solskjaer
88.1%
Denis Irwin
87.4%
Eric Cantona
87.1%
Steve Bruce
86.8%
Park Ji-sung
86.4%
Ruud van Nistelrooy
86.4%
Wes Brown
86.1%
Michael Carrick
86.1%
Patrice Evra
86.1%
Nani
85.8%
Nemanja Vidic
85.8%
Mark Hughes
84.4%
Paul Ince
84.1%
Phil Jones
83.8%
Gary Pallister
83.8%
Juan Sebastián Verón
83.1%
Dimitar Berbatov
81.5%
Darren Fletcher
80.5%
Alan Smith
80.5%
Fabio da Silva
80.1%
Ronny Johnsen
79.8%
Jaap Stam
79.8%
David De Gea
79.5%
Fabien Barthez
79.1%
David May
78.8%
Rafael da Silva
78.5%
Carlos Tevez
78.5%
Ashley Young
78.5%
Chris Smalling
77.2%
Lee Sharpe
76.8%
Player
% Correct
Andrei Kanchelskis
76.5%
Danny Welbeck
76.2%
Paul Parker
75.8%
Brian McClair
75.2%
Laurent Blanc
74.8%
Louis Saha
74.5%
Gabriel Heinze
73.8%
Antonio Valencia
73.5%
Mark Bosnich
72.5%
Jonny Evans
72.5%
Jesper Blomqvist
71.5%
Henning Berg
70.5%
Mikaël Silvestre
70.2%
Eric Djemba-Djemba
69.5%
Tim Howard
69.5%
Raimond van der Gouw
69.5%
Michael Owen
69.2%
Bryan Robson
68.5%
Javier Hernández
68.2%
Kleberson
68.2%
Roy Carroll
67.2%
Diego Forlán
66.9%
Quinton Fortune
63.6%
Owen Hargreaves
62.9%
Massimo Taibi
62.6%
Jordi Cruyff
61.6%
Tom Cleverley
60.9%
Tiago Bébé
60.6%
Henrik Larsson
57.9%
David Bellion
57.6%
Darron Gibson
57.6%
Federico Macheda
56.6%
Karel Poborsky
56%
Ben Foster
54.3%
Kieran Richardson
54.3%
Ben Amos
53.6%
Dion Dublin
53.6%
Darren Ferguson
52%
Mark Wilson
49.7%
Giuseppe Rossi
48.7%
Clayton Blackmore
48%
Gerard Piqué
47%
Liam Miller
44.4%
Mike Phelan
44.4%
Jonathan Greening
44%
Gabriel Obertan
43.7%
Keith Gillespie
43.4%
Player
% Correct
Luke Chadwick
43%
Paul Pogba
43%
Phil Bardsley
40.4%
Lee Martin
40.4%
Neil Webb
39.4%
Les Sealey
37.4%
Chris Eagles
37.1%
Fraizer Campbell
35.4%
Tomasz Kuszczak
35.4%
Mame Biram Diouf
34.8%
Zoran Tosic
34.4%
Ronnie Wallwork
34.4%
Simon Davies
33.1%
Gary Walsh
33.1%
Andy Goram
32.5%
William Prunier
32.5%
Manucho
31.5%
Rodrigo Possebon
31.1%
Mark Robins
31.1%
Danny Wallace
31.1%
Kevin Pilkington
30.1%
Felipe Ricardo
30.1%
John Curtis
29.1%
Michael Clegg
28.5%
Erik Nevland
28.1%
Jonathan Spector
25.8%
Chris Casper
25.2%
Danny Simpson
24.5%
John O'Kane
23.2%
Terry Cooke
21.9%
Danny Higginbotham
21.5%
Russell Beardsmore
21.2%
David Healy
20.9%
Nick Culkin
20.5%
Danny Pugh
20.2%
Michael Stewart
19.5%
Mal Donaghy
18.2%
Richard Eckersley
17.5%
Bojan Djordjic
16.9%
Philip Mulryne
15.2%
Anders Lindergaard
14.2%
Lee Roche
11.9%
Pat McGibbon
11.3%
Ezekiel Fryers
10.9%
Ian Wilkinson
8.9%
Quiz Playlist
Details
Report
Send in Message
Add To Playlist
More Info:
*conjoined appearances may be slightly off, I used the max amount of resources to make them as close as possible
Classic:
Type in answers that appear in a list
Quiz Source
Last Updated: Feb 16, 2017
Quiz Scoreboard
CHALLENGE
Sign Up to Join the Scoreboard
Show All
Scores
Hide
Comments
May contain spoilers
Recently Published
Holiday 10x10 Sorting Gallery
by lukepisani3
Holiday
15m
Two Season TV Shows II
by 123Four
Television
10m
Image Sorting: Flags VI
by Barbecue
Geography
2m
More to Explore
Quiz From the Vault
Featured Blog Post
14 Easter Pick-up Lines to Find Eggs With
hide this ad
You Might Also Like...
Tags
gig
Manchester
Manchester United
pitch
Player
Ryan
Ryan Giggs
Shared
teammate
United
Today's Top Quizzes in Sports
Browse Sports
hide this ad
Today's Top Quizzes in United
Browse United
Top Contributed Quizzes in Sports
1
Les meilleurs buteurs des matchs entre le PSG et l’OM
2
Les entraîneurs de l'OM et du PSG au 21e siècle
3
2022 World Cup Stars
4
Les joueurs passés par le PSG et l'OM
5
Players with Multiple 50 Home Run Seasons
6
FIFA Club World Cup Champions
7
Criteria MLB: Left Handed Sluggers
8
Les joueurs passés par le LOSC et le RC Lens
9
Top 10 NHL Goal Scorers of All Time
10
NBA Logic Puzzle 2.0
Explore More
Trending Topics
Anime
Kpop
Marvel
Harry Potter
Crossword
NBA
Disney
Pokémon
Song
NFL
Soccer
Puzzle
Country
WWE
The Office
hide this ad
More By:
husker_fan_97
Quiz
Plays
Rating
Category
Featured
Created
NFL Cities Chain Game
13,907
4.17
Sports
Jul 27, 2010
EPL Chain Game
3,620
3.88
Sports
Jul 27, 2010
Pokemon Gym Type
2,174
4.50
Gaming
Jun 17, 2010
Top 25 Rap Songs (2000's)
1,872
1.67
Music
May 23, 2010
Nebraska Counties
1,628
4.57
Geography
Mar 31, 2010
Go to Creator's Profile
Score Distribution
Quiz Creator Spotlight
husker_fan_97
Follow
Send a Message
Quizzes Created
-
Created Quiz Play Count
-
More By This Creator
Popular Quizzes Today
1
Find the US States - No Outlines Minefield
2
Colored Red Africa Blitz
3
Find the 'City' Movie
4
The Countries of the World
5
5x2 Blitz: Bands
6
Find the Countries of Europe - No Outlines Minefield
7
Find the US States
8
US States
More Sports Quizzes
Alpine F1 Drivers
Curator's Pick
Trending Quizzes
Colored Red Europe Blitz I
Colored Red Africa Blitz II
Colored Red Europe Blitz II
Even More Two Season TV Shows
Colored Red Africa Blitz III
Recently Updated
Odd Team Out - Big 4 Players
pecheneg
Quick Pick: 20 Twenties
pecheneg
March Madness Men's Triple Doubles
pecheneg
How Do You Spell That?
pecheneg
Godzilla Movies
pecheneg
Grab Bag: 4-10 Letters
pecheneg
2024 March Madness Bracket
pecheneg
Famous TV Couples
Peacemaker
Champions League XIs: Real Madrid
pecheneg
Largest US Cities 1790-2010
pecheneg
Trending Topics
Anime
Marvel
Harry Potter
Crossword
Disney
NBA
Kpop
Pokémon
Song
NFL
Country
Puzzle
Soccer
WWE
The Office
Your Account Isn't Verified!
In order to create a playlist on Sporcle, you need to verify the email address you used during registration. Go to your
Sporcle Settings
to finish the process.
Report this User
Report this user for behavior that violates our
Community Guidelines
.
Details:
Send Report
Go to the Sporcle.com Mobile Site →
Comments